000 00902 a2200229 4500
999 _c116965
_d116965
003 BJBSDDR
005 20230411090820.0
007 ta
008 120922b2015 cau||||| |||| 00| 0 eng d
020 _a9781507638125
040 _bspa
_cBJBSDDR
041 _aeng
050 _bK18 2015
100 1 _aKaria, Akash.
245 1 _aHow to design TED-worthy presentation slides :
_bpresentation design principles from the best TED talks /
_cAkash Karia
260 _aSan Bernandino, Calif:
_c2015
300 _a190 p.:
_bill.;
_c23 cm
520 _aBy the end of this guide, you too will be able to create sexy presentation slides that keep your audiences mesmerized. More importantly, you will be able to design presentations that breathe life into your slides, instead of draining it out of your audience. --Publisher's statement
650 4 _97648
_aNegocios
942 _2lcc
_cBK
946 _idpf